Central Library OPAC University of Rajshahi

Developmental and adapted physical education (Record no. 50258)

MARC details
000 -LEADER
fixed length control field 00770nam a2200229 a 4500
001 - CONTROL NUMBER
control field 50258
003 - CONTROL NUMBER IDENTIFIER
rucl marc code BD-RjUL
005 - DATE AND TIME OF LATEST TRANSACTION
control field 20211209075500.0
008 - FIXED-LENGTH DATA ELEMENTS--GENERAL INFORMATION
fixed length control field 160824s1963 njua 001 0 eng
035 ## - SYSTEM CONTROL NUMBER
System control number (BD-RjUL)50378
040 ## - CATALOGING SOURCE
Original cataloging agency DLC
Transcribing agency OCoD
Modifying agency OCoLC
-- BD-RjUL
Language of cataloging eng
041 ## - LANGUAGE CODE
Language code of text/sound track or separate title eng
082 ## - DEWEY DECIMAL CLASSIFICATION NUMBER
Classification number 613.7
Edition number 23
Author mark and year CLD 1963
100 1# - MAIN ENTRY--PERSONAL NAME
Personal name Clarke, H. Harrison
Fuller form of name (Henry Harrison),
Dates associated with a name 1902-
9 (RLIN) 150612
245 10 - TITLE STATEMENT
Title Developmental and adapted physical education
Statement of responsibility, etc. H. Harrison Clarke and David H. Clarke
260 ## - PUBLICATION, DISTRIBUTION, ETC. (IMPRINT)
Place of publication, distribution, etc. Englewood Cliffs, N.J. :
Name of publisher, distributor, etc. Prentice-Hall,
Date of publication, distribution, etc. c1963
300 ## - PHYSICAL DESCRIPTION
Pagination 364 p. :
Illustrations ill. ;
Size 24 cm.
500 ## - GENERAL NOTE
General note Includes index.
650 #0 - SUBJECT ADDED ENTRY--TOPICAL TERM
Topical term or geographic name as entry element Physical education for people with disabilities.
9 (RLIN) 150629
700 1# - ADDED ENTRY--PERSONAL NAME
Personal name Clarke, David H.
Relator term joint author.
942 ## - ADDED ENTRY ELEMENTS (KOHA)
Source of classification or shelving scheme Dewey Decimal Classification
Koha item type Books
Holdings
Lost status Source of classification or shelving scheme Damaged status Not for loan Collection code Permanent Location Current Location Shelving location Date acquired Source of acquisition Cost, normal purchase price Total Checkouts Full call number Date last seen Copy number Koha item type
  Dewey Decimal Classification     Non-fiction Central Library, University of Rajshahi Central Library, University of Rajshahi   20/10/1970 Zeittinger 86.00   613.7 CLD 1963 24/08/2016 C-2 Books